The Thrilling Adventures of Lovelace and Babbage : With Interesting and Curious Anecdotes of Celebrated and Distinguished Characters : Fully Illustrating a Variety of Instructive and Amusing Scenes; as Performed within and wtihout the Remarkabale Difference Engine : Embellished with Portraits and Scientifick Diagrams /

Wedi'i Gadw mewn:
Manylion Llyfryddiaeth
Prif Awdur: Padua, Sydney (autor)
Awduron Eraill: Solano López, Francisco (ilustración) (ilustración), Sapia, Pablo (restauración) (restauración), Martín, Diego (edición) (edición), Miguens, Guillermo (edición) (edición), Saccomanno, Guillermo (prólogo) (prólogo), Sasturain, Juan (prólogo) (prólogo)
Fformat: Llyfr
Iaith:Saesneg
Cyhoeddwyd: Londres, Inglaterra : Penguin, 2016, c2015
Pynciau:
Tagiau: Ychwanegu Tag
Dim Tagiau, Byddwch y cyntaf i dagio'r cofnod hwn!

MARC

LEADER 00000nam^a2200000^a^4500
001 000578203
005 20250521000000.0
009 20260310132504.213
020 |a 978-0-141-98153-6 
037 |a Acervo ITESO - Biblioteca 
041 |a GRA 
041 |a ING 
082 |a 808. 83929  |b PAD 
100 |a Padua, Sydney  |e (autor) 
245 1 4 |a The Thrilling Adventures of Lovelace and Babbage :  |b With Interesting and Curious Anecdotes of Celebrated and Distinguished Characters : Fully Illustrating a Variety of Instructive and Amusing Scenes; as Performed within and wtihout the Remarkabale Difference Engine : Embellished with Portraits and Scientifick Diagrams /  |c S. Padua. 
246 2 |a Título en la cubierta: The Thrilling Adventures of Lovelace and Babbage: The (Mostly) True Story of the First Computer 
264 4 |a Londres, Inglaterra :  |b Penguin,  |c 2016, c2015 
300 |a 315 p. 
336 |a texto  |b txt  |2 rdacontenido 
337 |a sin mediación  |b n  |2 rdamedio 
338 |a volumen  |b nc  |2 rdasoporte 
521 |a Peticiones 2024 Comunidades Lectoras 
546 |a Edición gráfica con texto en inglés 
649 |a XX 
650 |a Escritores Canadienses 
650 |a Caricaturistas Canadienses 
650 |a Diseñadores Gráficos Canadienses 
650 |a Matemáticos en la Literatura 
650 |a Matemáticos Ingleses 
650 |a Científicos en la Literatura 
650 |a Científicos Ingleses 
650 |a Inventores en la Literatura 
650 |a Inventores Ingleses 
650 |a Mujeres Inglesas 
650 |a Novela Gráfica -  |z Inglaterra 
650 |a Novela de Aventuras -  |z Inglaterra 
650 |a Novela Fantástica -  |z Inglaterra 
650 |a Novela Inglesa 
650 |a Historietas y Caricaturas de Aventuras -  |z Inglaterra 
650 |a Historietas y Caricaturas de Ciencia-Ficción -  |z Inglaterra 
650 |a Historietas y Caricaturas Inglesas 
650 |a Literatura de Ciencia-Ficción -  |z Inglaterra 
650 |a Literatura Fantástica -  |z Inglaterra 
650 |a Literatura y Ciencia -  |z Inglaterra 
650 |a Literatura de Mujeres -  |z Inglaterra 
650 |a Literatura Inglesa -  |y Siglo XXI 
650 |a Máquinas Calculadoras en la Literatura 
650 |a Computadoras en la Literatura 
650 |a Babbage, Charles -  |x Tema Principal 
650 |a Lovelace, Ada -  |x Tema Principal 
700 |a Solano López, Francisco  |e (ilustración) 
700 |a Sapia, Pablo  |e (restauración) 
700 |a Martín, Diego  |e (edición) 
700 |a Miguens, Guillermo  |e (edición) 
700 |a Saccomanno, Guillermo  |e (prólogo) 
700 |a Sasturain, Juan  |e (prólogo) 
910 |a Fondo General 
920 |a Impresos - Libros 
930 |a Colección General 
940 |a Literatura 
905 |a 101 
901 |a 0500406907  |b IT1  |c LIT  |i C185328  |u 20250521 
901 |a 0500406904  |b IT1  |c LIT  |i C185329  |u 20250521 
901 |a 0500406901  |b IT1  |c LIT  |i C185330  |u 20250521 
902 |a https://opac.biblio.iteso.mx/vufind/Record/000578203